<?xml version="1.0" encoding="UTF-8"?>
<collection xmlns="http://www.loc.gov/MARC21/slim">
<record>
  <controlfield tag="001">6846</controlfield>
  <controlfield tag="005">20240222141517.0</controlfield>
  <datafield tag="037" ind1=" " ind2=" ">
    <subfield code="a">SCART-2024-0096</subfield>
  </datafield>
  <datafield tag="100" ind1=" " ind2=" ">
    <subfield code="a">Groenewegen, M.A.T.</subfield>
  </datafield>
  <datafield tag="245" ind1=" " ind2=" ">
    <subfield code="a">Primary Period–Luminosity-Relation Calibrators in the Milky Way: Cepheids and RR Lyrae: Physical basis, Calibration, and Applications</subfield>
  </datafield>
  <datafield tag="260" ind1=" " ind2=" ">
    <subfield code="c">2024</subfield>
  </datafield>
  <datafield tag="520" ind1=" " ind2=" ">
    <subfield code="a">In this invited review I discuss the calibration and applications of the period– luminosity relation of classical Cepheid and RR Lyrae stars. After a brief introduction, starting with results from Hipparcos and discussing some post Hipparcos era developments, I focus on recent results using Gaia Data Release 3 data. I present an overview of the most recent period–luminosity relations, a discussion and some new results on Cepheids in open clusters. I also discuss the effect of reddening and that the use of Wesenheit indices is actually an oversimplification to dealing with the problem of reddening.</subfield>
  </datafield>
  <datafield tag="594" ind1=" " ind2=" ">
    <subfield code="a">NO</subfield>
  </datafield>
  <datafield tag="773" ind1=" " ind2=" ">
    <subfield code="p">Proceedings IAU Symposium No. 376</subfield>
    <subfield code="y">2024</subfield>
    <subfield code="c">128-149</subfield>
  </datafield>
  <datafield tag="856" ind1="0" ind2=" ">
    <subfield code="f">martin.groenewegen@ksb-orb.be</subfield>
  </datafield>
  <datafield tag="856" ind1="4" ind2=" ">
    <subfield code="s">681738</subfield>
    <subfield code="u">http://publi2-as.oma.be/record/6846/files/primary-period-luminosity-relation-calibrators-in-the-milky-way-cepheids-and-rr-lyrae-physical-basis-calibration-and-applications.pdf</subfield>
  </datafield>
  <datafield tag="856" ind1="4" ind2=" ">
    <subfield code="s">18325</subfield>
    <subfield code="u">http://publi2-as.oma.be/record/6846/files/primary-period-luminosity-relation-calibrators-in-the-milky-way-cepheids-and-rr-lyrae-physical-basis-calibration-and-applications.gif?subformat=icon</subfield>
    <subfield code="x">icon</subfield>
  </datafield>
  <datafield tag="856" ind1="4" ind2=" ">
    <subfield code="s">22489</subfield>
    <subfield code="u">http://publi2-as.oma.be/record/6846/files/primary-period-luminosity-relation-calibrators-in-the-milky-way-cepheids-and-rr-lyrae-physical-basis-calibration-and-applications.jpg?subformat=icon-180</subfield>
    <subfield code="x">icon-180</subfield>
  </datafield>
  <datafield tag="905" ind1=" " ind2=" ">
    <subfield code="a">published in</subfield>
  </datafield>
  <datafield tag="980" ind1=" " ind2=" ">
    <subfield code="a">REFERD</subfield>
  </datafield>
</record>
</collection>